000
00329nam a2200133Ia 4500
008
210210b1973 xxu||||| |||| 00| 0 eng d
082
_a
150 DEMP
100
_a
DEMPSEY (Peter J R).
245
_a
Psychology for all.
260
_a
Allahabad
_b
Better yourself books
_c
1973
300
_a
95
690
_a
Psychology
906
_a
030542
999
_c
81829
_d
81829